|
|
|
|
| LEADER |
00000nam0a2200000 4500 |
| 001 |
126983 |
| 005 |
20231031132049.0 |
| 010 |
|
|
|a 5080002441
|
| 020 |
|
|
|a RU
|b 90-61558
|
| 035 |
|
|
|a (RuTPU)RU\TPU\book\137362
|
| 090 |
|
|
|a 126983
|
| 100 |
|
|
|a 20071206d1990 d a0rusy5003 ca
|
| 101 |
1 |
|
|a rus
|c fre
|
| 102 |
|
|
|a RU
|
| 105 |
|
|
|a a z 000ay
|
| 200 |
1 |
|
|a Тартарен из Тараскона; "Прекрасная Нивернезка"
|e Роман и повесть : [Для среднего и сташего возраста]. Пер с фр.
|f А. Доде
|g авт. предисл. и примеч. Г. Филатова
|
| 210 |
|
|
|a Ленинград
|c Детская литература
|c Ленингр. отд-ние
|d 1990
|
| 215 |
|
|
|a 158,[2] с.
|c ил.
|d 21 см
|
| 225 |
1 |
|
|a Школьная библиотека
|
| 333 |
|
|
|a Исключено из фонда НТБ ТПУ
|
| 700 |
|
1 |
|a Доде
|b А.
|g Альфонс
|4 070
|
| 702 |
|
1 |
|a Филатова
|b Г.
|4 080
|
| 801 |
|
0 |
|a RU
|b RuMRKP
|c 19950417
|g psbo
|
| 801 |
|
1 |
|a RU
|b 63413507
|c 20071206
|g PSBO
|
| 801 |
|
2 |
|a RU
|b 63413507
|c 20150202
|g PSBO
|
| 942 |
|
|
|c BK
|